Προφητικός ονειροκρίτης
Αποθηκεύτηκε σε:
| Κύριος συγγραφέας: | |
|---|---|
| Άλλοι συγγραφείς: | |
| Μορφή: | Βιβλίο |
| Γλώσσα: | Greek |
| Δημοσίευση: |
Αθήνα :
Αικ. Ρουμελιώτη & Σια Ε.Ε.,
[19--].
|
| Θέματα: | |
| Ετικέτες: |
Προσθήκη ετικέτας
Δεν υπάρχουν, Καταχωρήστε ετικέτα πρώτοι!
|
MARC
| LEADER | 00000cam a2200000 i 4500 | ||
|---|---|---|---|
| 001 | 1/3030 | ||
| 008 | 100113q19uu gr ||| | gre|| | ||
| 035 | |l 10106232 | ||
| 040 | |a GR-MyUA |b gre |e AACR2 | ||
| 041 | 1 | |a gre | |
| 082 | 0 | |a 135.3 |2 (22) | |
| 100 | 1 | |a Magiachma, Tagra, |d π.1775-π.1883. | |
| 245 | 1 | 0 | |a Προφητικός ονειροκρίτης / |c Τάγρα Μαγιάχμα ; απόδοση-επιμέλεια Σταύρου Π. Ταμπακέα. |
| 260 | |a Αθήνα : |b Αικ. Ρουμελιώτη & Σια Ε.Ε., |c [19--]. | ||
| 300 | |a 192 σ. ; |c 24 εκ. | ||
| 650 | 0 | 0 | |a Dreams. |
| 650 | 0 | 0 | |a Dreams interpretation. |
| 700 | 1 | |a Ταμπακέας, Σταύρος Παν. |e trl | |
| 852 | |a INST |b SAMOS |e 20100113 |h 135.3 MAG |p 005300024954 |q 005300024954 |t BK |y 0 | ||
| 901 | |a BIBL3-2010-1 | ||
| 909 | |a Σ |b 114746 | ||
| 970 | |a ΡΟΥΣΣΟΥ |b ΚΩΝΣΤΑΝΤΙΝΑ |z 2010/01/13 | ||